000 01155nam a2200325 i 4500
001 192196
003 SpMaBN
005 20250710063341.0
008 221113s2002 sp | ||| ||spa
016 7 _abimoBNE20030667931 [
_2SpMaBN]
017 _aB 42692-2002
_bOficina Depósito Legal Barcelona
020 _a8497591879
035 _a(OCoLC)433082958
040 _aSpMaBN
_bspa
_cSpMaBN
_erdc
080 _a821.111-31"19"
100 1 _aFollett, Ken,
_d1949-
_eaut
_9175827
245 1 0 _aAlto riesgo /
_cKen Follett ; traducción de José Antonio Soriano.
250 _aEdición limitada
250 _aPrimera edición: noviembre 2002
260 _a[Barcelona] :
_bDebolsillo,
_c2002.
300 _a507 páginas ;
_c20 cm.
655 7 _aNovelas históricas
_2tgfbne
_9226782
700 1 _9234967
_aSoriano Marco, José Antonio
_etrl
852 4 _aES-MaACL
_jN-8144
_bR. 152734
_cDEPOJ
_9199478
_hDonación: José Lázaro García
_xEncuadernación: cartoné
903 _9234219
_aLázaro García, José
_ednr
942 _cMONOGRAFIA
_n0
999 _c192196
_d192196